00382nam a2200121Ia 4500001000400000008004100004082002000045100006600065245007100131260001400202901002900216999001500245550241024s9999 xx 000 0 und d aRD/371.71/R426i aRepública Dominicana.Oficina de Cooperación Internacional 0aInforme Técnico de Consultoría periodo Agosto,15-Diciembre 31, bOCIc2007 a16/11/2010 10:13:22 a.m. c8821d8821